|
|
|
|
| LEADER |
00679nam a22002052a 4500 |
| 001 |
001432019 |
| 003 |
CZ BrMZK |
| 005 |
20141103152237.0 |
| 007 |
ta |
| 008 |
141027s1956 ru er|||||||||||rus d |
| 040 |
|
|
|a ABB029
|b cze
|d BOA001
|
| 100 |
1 |
|
|a Malkin, Ioel' Gil'jevič
|4 aut
|
| 245 |
1 |
0 |
|a Nekotoryje zadači teoriji nelinejnych kolebanij /
|c I.G. Malkin
|
| 260 |
|
|
|a Moskva :
|b Gosudarstvennoje izdatel'stvo techniko-teoretičeskoj literatury,
|c 1956
|
| 300 |
|
|
|a 491 s.
|
| 655 |
|
7 |
|a monografie
|7 fd132842
|2 czenas
|
| 910 |
|
|
|a BOA001
|b 2-0367.709
|
| 990 |
|
|
|a BK
|
| 991 |
|
|
|b 201410
|
| 996 |
7 |
|
|b 2619151668
|c 2-0367.709
|l MZK
|r Sklad / do 24 hodin
|n 0
|w 001466600
|u 000010
|a 1
|e BOA001
|j MZK50
|s A
|